000 00304cam a22001097a 4500
008 180718b1999 xxu||||| |||| 00| 0 eng d
082 _aT34403x54 Si64'H'
100 _aSingh S.K.
245 _aUpbhokta sanrakshan adhiniyam, 1986
_cBy S.K. Singh
260 _aAllahabad
_bCentral law
_c1999
300 _a155p.
999 _c503031
_d503031